| 000 | 00582nam a2200217 a 4500 | ||
|---|---|---|---|
| 008 | 951214s1988||||[C 0 slo c | ||
| 020 |
_c21 Kčs. _q(69800 výtl.) |
||
| 040 |
_aSNK _bslo _cSNK _eAACR2 |
||
| 041 | 1 |
_aslo _hslo |
|
| 044 |
_axo _cSK |
||
| 080 | _a808.54-314(038) | ||
| 100 | 1 | _aPisárčiková, Mária | |
| 245 | 1 | 0 | _aMalý synonymický slovník |
| 250 | _a5., vyd. | ||
| 260 |
_aBratislava _bSPN _c1988 |
||
| 300 |
_a256 s., 17,38 AH _c21 cm |
||
| 500 | _aRozlož. tit. list. | ||
| 700 | 1 |
_aMichalus, Štefan _4aut |
|
| 700 | 1 |
_aBartík, Pavol _4bkd |
|
| 958 | _aA | ||
| 999 |
_c19196 _d19196 |
||